Top 20 highest selling rappers OAT - Statistics

General Stats
  • This quiz has been taken 68 times
  • The average score is 11 of 20
Answer Stats
# Sales Rapper City of Origin % Correct
2 169.4M Drake Toronto
98%
1 224.2M Eminem Detroit
98%
6 73.9M Kendrick Lamar Compton
85%
3 120.6M Kanye West Chicago
82%
4 101.5M Jay-Z New York City
80%
8 65.1M Snoop Dogg Long Beach
77%
5 87.7M Tupac Compton
77%
9 64.2M Lil Wayne New Orleans
72%
18 44.2M Dr. Dre Compton
67%
12 55.1M 50 Cent New York City
58%
7 65.9M Travis Scott Houston
55%
11 57.0M Future Atlanta
43%
10 60.2M Nicki Minaj Port of Spain
43%
17 46.2M J Cole Fayetteville
37%
14 48.5M Juice WRLD Chicago
37%
15 47.4M XXXTentacion Lauderdale Hill
35%
19 39.2M 21 Savage Atlanta
25%
20 38.9M Lil Uzi Vert Philadelphia
23%
16 46.6M Beastie Boys New York City
7%
13 49.1M Nelly Austin
5%
No matching quizzes found
Score Distribution
Percent of People with Each Score
Percentile by Number Answered
Your Score History
You have not taken this quiz